| 000 | 00000nam##2200000za#4500 |
| 001 | 9.686678 |
| 003 | CaOODSP |
| 005 | 20210624230638 |
| 007 | cr ||||||||||| |
| 008 | 150407|2003||||xxc|||||o f|0| 0 eng|d |
| 040 | |aCaOODSP|beng |
| 043 | |an-cn--- |
| 086 | 1 |aRC31-17/2003E-PDF |
| 110 | 1 |aCanada.|bIndian Claims Commission. |
| 245 | 10|aMississaugas of the New Credit First Nation Inquiry, Toronto Purchase Claim / |h[electronic resource]|cPanel: Commissioner Daniel J. Bellegarde. |
| 260 | |aOttawa - Ontario : |bIndian Claims Commission |c2003. |
| 300 | |a[7], 31, [4]p. |
| 590 | |a03-39|b2003-09-26 |
| 690 | 07|aIndigenous peoples|2gcpds |
| 690 | 07|aClaims|2gcpds |
| 775 | 08|tEnquête sur la Première Nation des Mississaugas de la New Credit, revendication relative à l'achat de Toronto / |w(CaOODSP)9.631130 |
| 776 | 0#|tMississaugas of the New Credit First Nation Inquiry, Toronto Purchase Claim / |w(CaOODSP)9.649010 |
| 856 | 40|ahttp://publications.gc.ca|qPDF|s238 KB|uhttps://publications.gc.ca/collections/Collection/RC31-17-2003E.pdf |